Statistics for 25 Largest Bodies of Water

Click here to take the quiz!

General Stats

  • This quiz has been taken 3,184 times
    (3,163 since last reset)
  • The average score is 14 of 25

Answer Stats

Size Body of water % Correct
64,196,000 sq miPacific Ocean
99%
33,400,000 sq miAtlantic Ocean
99%
28,400,000 sq miIndian Ocean
98%
5,100,000 sq miArctic Ocean
86%
168,500 sq miBlack Sea
79%
969,000 sq miMediterranean Sea
77%
175,000 sq miRed Sea
77%
165,000 sq miNorth Sea
73%
1,148,000 sq miSouth China Sea
67%
147,000 sq miBaltic Sea
65%
582,000 sq miGulf of Mexico
61%
971,000 sq miCaribbean Sea
59%
20,327,000 sq miSouthern Ocean
56%
391,000 sq miSea of Japan
51%
838,612 sq miBay of Bengal
49%
1,491,000 sq miArabian Sea
48%
873,000 sq miBering Sea
46%
88,800 sq miPersian Gulf
45%
282,000 sq miHudson Bay
44%
113,500 sq miYellow Sea
42%
60,000 sq miAdriatic Sea
39%
257,000 sq miEast China Sea
35%
537,000 sq miSea of Okhotsk
16%
218,100 sq miAndaman Sea
13%
59,000 sq miGulf of California
12%

Score Distribution

Percentile by Number Answered

Percent of People with Each Score

Your Score History

You have not taken this quiz since the last reset